01170nam a22002897a 4500003000400000005001700004008004100021040002200062082001800084100002700102245004300129260004700172300001900219366000800238490001300246505001900259505008900278505017300367505001200540650004100552650005000593650004400643650004800687650004300735650005500778650004700833OSt20230503130629.0221006b |||||||| |||| 00| 0 eng d cBiblioteca Lado V a709.05bR643f aRoberts, Jameseeditor aFrieze/bContemporary Art And Culture/ bDurian Publications Ltd.aInglaterrac2003 c23x30cma104p. eeng a73v2003 tAncient Briton tColumnsaPhilosophy Photography Performance Design Architecture Music Obituary tFeaturesaPicture: Sir John Soane's tomb Candid camera Perfect symmetry Pulp fiction Man of the world Always crashing in the same car Going solo Guys and dolls  tReviews 2Tesauro de Arte & ArquitecturaaARTE 2Tesauro de Arte & ArquitecturaaEXPOSICIONES  2Tesauro de Arte & ArquitecturaaCULTURA 2Tesauro de Arte & ArquitecturaaAPRECIACION 2Tesauro de Arte & ArquitecturaaTEORIA 2Tesauro de Arte & ArquitecturaaARTE CONTEMPORANEO 2Tesauro de Arte & ArquitecturaaINGLATERRA